Score 0/23 Timer 03:00
0 Plays Today
Clue 5-Letter Word % Correct
Host of 'America's Next Top Model' TyraBanks
94%
Aches and _____Pains
93.8%
'Battle of the ____': Competition for the best rock groupBands
92.7%
Ping pong movie: '___ of Fury'Balls
92.5%
Sends a letterMails
92.1%
Latex, watercolor, oil or tempera, e.g.Paint
91.8%
Collections of stores with lots of parkingMalls
91.7%
BucketsPails
91.5%
Leave a mark on cattle with a hot ironBrand
90.6%
Non-cursive writingPrint
89.8%
Slang for a thousand dollarsGrand
89.6%
Prepare coffee beans for brewingGrind
88.8%
Clue 5-Letter Word % Correct
Illegal motions by an MLB pitcherBalks
85.9%
Actor Rupert that plays Ron WeasleyGrint
83.8%
A woven collection of hairBraid
83.6%
Vital organ, or partner to [first rung]Brain
79.5%
Small dents in a car doorDings
67.5%
Re-powers a pocket watchWinds
65.9%
90's sitcom about pilots on NantucketWings
62.7%
Tarot suit with pentacles, swords and cupsWands
62.2%
A finger, or partner to [last rung]Pinky
60.3%
Of dark, dull, or dirty colorDingy
59.1%
Overly small or unimpressiveDinky
52.5%

Today's Daily Dose

Remove Ads.
Support Sporcle.
Get the best of Sporcle when you Go Orange. This ad-free experience offers more features, more stats, and more fun while also helping to support Sporcle. Thank you for becoming a member.

You're not logged in!

Compare scores with friends on all Sporcle quizzes.
OR
Log In

Show Comments

Extras

Top Quizzes Today


Score Distribution

Your Account Isn't Verified!

In order to create a playlist on Sporcle, you need to verify the email address you used during registration. Go to your Sporcle Settings to finish the process.

Report this User

Report this user for behavior that violates our Community Guidelines.

Details: